书目信息 |
| 题名: |
2006遥感科技论坛
|
|
| 作者: | 庄逢甘 , 陈述彭 主编 | |
| 分册: | ||
| 出版信息: | 北京 中国宇航出版社 2006.07 |
|
| 页数: | 630页, [6] 叶图版 | |
| 开本: | 26cm | |
| 丛书名: | ||
| 单 册: | ||
| 中图分类: | TP7-13 | |
| 科图分类: | ||
| 主题词: | 遥感技术--yao gan ji shu--论文集 | |
| 电子资源: | ||
| ISBN: | 7-80144-144-3 | |
| 000 | 01067nam0 2200241 450 | |
| 001 | 012006740582 | |
| 005 | 20061130103305.50 | |
| 010 | @a7-80144-144-3@dCNY120.00 | |
| 100 | @a20061027d2006 km y0chiy0120 ea | |
| 101 | 0 | @achi |
| 102 | @aCN@b110000 | |
| 105 | @aaf z 000yy | |
| 200 | 1 | @a2006遥感科技论坛@A2006 yao gan ke ji lun tan@e中国遥感应用协会2006年年会论文集@f庄逢甘, 陈述彭主编@Fzhuang feng gan,chen shu peng zhu bian |
| 210 | @a北京@c中国宇航出版社@d2006.07 | |
| 215 | @a630页, [6] 叶图版@c图@d26cm | |
| 330 | @a《2006遥感科技论坛》是中国遥感应用协会2006年年会论文集。论文集反映了2006年遥感技术应用新成果、新进展,反映了广大会员对中国遥感应用协会的关怀和支持,是广大会员团结协作和友谊的结晶,促进了我国遥感技术的发展。 | |
| 517 | 1 | @a中国遥感应用协会2006年年会论文集@Azhong guo yao gan ying yong xie hui 2006 nian nian hui lun wen ji |
| 606 | 0 | @a遥感技术@Ayao gan ji shu@j论文集 |
| 690 | @aTP7-13@v4 | |
| 701 | 0 | @a庄逢甘@Azhuang feng gan@4主编 |
| 701 | 0 | @a陈述彭@Achen shu peng@4主编 |
| 801 | 0 | @aCN@c20061130 |
| 905 | @apdsgxy@dTP7-13@eZ926 | |
| 2006遥感科技论坛:中国遥感应用协会2006年年会论文集/庄逢甘, 陈述彭主编.-北京:中国宇航出版社,2006.07 |
| 630页, [6] 叶图版:图;26cm |
| ISBN 7-80144-144-3:CNY120.00 |
| 《2006遥感科技论坛》是中国遥感应用协会2006年年会论文集。论文集反映了2006年遥感技术应用新成果、新进展,反映了广大会员对中国遥感应用协会的关怀和支持,是广大会员团结协作和友谊的结晶,促进了我国遥感技术的发展。 |
| ● |
| 相关链接 |
|
|
|
正题名:2006遥感科技论坛
索取号:TP7-13/Z926
 
预约/预借
| 序号 | 登录号 | 条形码 | 馆藏地/架位号 | 状态 | 备注 |
| 1 | 223703 | 202237034 | 自科库301/301自科库 44排6列5层/ [索取号:TP7-13/Z926] | 在馆 |